Online
Catalog

Arte barroco en Italia, Francia, Alemania y Espana,. (Record no. 1088)

MARC details
000 -CABECERA
campo de control de longitud fija 00543cam a2200169u 4500
001 - NÚMERO DE CONTROL
campo de control 000001134
005 - FECHA Y HORA DE LA ÚLTIMA TRANSACCIÓN
campo de control 20200929145502.0
008 - DATOS DE LONGITUD FIJA--INFORMACIÓN GENERAL
campo de control de longitud fija 810316s1934 sp a 000 0 spa
040 ## - FUENTE DE LA CATALOGACIÓN
Centro catalogador/agencia de origen DO-SdBNP
Lengua de catalogación spa
Centro/agencia transcriptor BNPHU
082 ## - NÚMERO DE LA CLASIFICACIÓN DECIMAL DEWEY
Número de clasificación nn.
Número de documento/Ítem W426a
100 1# - ENTRADA PRINCIPAL--NOMBRE DE PERSONA
Nombre de persona Weisbach, Werner.
9 (RLIN) 3879
245 10 - MENCIÓN DE TÍTULO
Título Arte barroco en Italia, Francia, Alemania y Espana,.
260 ## - PUBLICACIÓN, DISTRIBUCIÓN, ETC.
Lugar de publicación, distribución, etc. Barcelona [etc.] :
Nombre del editor, distribuidor, etc. Labor, s. a.,
Fecha de publicación, distribución, etc. [1934].
300 ## - DESCRIPCIÓN FÍSICA
Extensión v. :
Otras características físicas il. ;
Dimensiones 28 cm.
650 #0 - PUNTO DE ACCESO ADICIONAL DE MATERIA--TÉRMINO DE MATERIA
Término de materia o nombre geográfico como elemento de entrada Art, baroque. [from old catalog]
9 (RLIN) 3880
700 1# - PUNTO DE ACCESO ADICIONAL--NOMBRE DE PERSONA
Nombre de persona Iglesias, Ramon, [from old catalog]
Término indicativo de función/relación tr.
9 (RLIN) 3881
Holdings
Estado de retiro Estado de pérdida Restricciones de uso No para préstamo Código de colección Localización permanente Ubicación/localización actual Ubicación en estantería Fecha de adquisición Número de inventario Total de préstamos Signatura topográfica completa Código de barras Fecha visto por última vez Precio válido a partir de Tipo de ítem Koha
    Préstamo interno Préstamo en sala Dominicana de Servicio Biblioteca Nacional Pedro Henríquez Ureña Biblioteca Nacional Pedro Henríquez Ureña Depósito 04.09.2009 LF1   nn. W426a 1134-10 25.06.2020 25.06.2020 Libros y folletos

Powered by Koha